[Event "Zuerich op-B 28th"]
[Site "Zuerich"]
[Date "2004.12.??"]
[Round "7"]
[White "Tikvic, Nikola"]
[Black "Messer, Markus"]
[Result "1-0"]
[WhiteElo "1983"]
[BlackElo "1913"]
[PlyCount "45"]
[EventDate "2004.12.26"]
[EventType "swiss"]
[EventRounds "7"]
[EventCountry "SUI"]
[SourceTitle "EXT 2006"]
[Source "ChessBase"]
[SourceDate "2005.11.24"]
[SourceVersion "1"]
[SourceVersionDate "2005.11.24"]
[SourceQuality "1"]

1. d4 c5 2. e3 cxd4 3. exd4 d5 4. c3 e6 5. Bd3 g6 6. Qe2 Bg7 7. Nd2 Nf6 8. f4 0-0 9. Ngf3 a6 10. 0-0 Nc6 11. Ne5 Qc7 12. Ndf3 Nd7 13. Ng5 Ndxe5 14. fxe5 Qe7 15. Bd2 Bd7 16. Rf2 f6 17. Nxh7 Kxh7 18. Qh5+ Kg8 19. Bxg6 Bh8 20. Rf3 Rf7 21. Rh3 Bg7 22. Qh7+ Kf8 23. Bh6 1-0

[Event "Zuerich op-B 26th"]
[Site "Zuerich"]
[Date "2002.??.??"]
[Round "5"]
[White "Tikvic, Nikola"]
[Black "Geyer, Martin"]
[Result "1-0"]
[WhiteElo "1947"]
[BlackElo "1851"]
[PlyCount "59"]
[EventDate "2002.12.26"]
[EventType "swiss"]
[EventRounds "7"]
[EventCountry "SUI"]
[SourceTitle "EXT 2019"]
[Source "ChessBase"]
[SourceDate "2018.10.10"]
[SourceVersion "1"]
[SourceVersionDate "2018.10.10"]
[SourceQuality "1"]

1. d4 d5 2. e3 Nf6 3. Bd3 g6 4. c3 Bg7 5. Nd2 b6 6. Qe2 Bb7 7. f4 e6 8. Qf3 0-0 9. Ne2 c5 10. g4 Re8 11. h4 Nfd7 12. g5 Nc6 13. Qg2 Ne7 14. Nf3 Nf5 15. Ng3 cxd4 16. exd4 Rc8 17. Bd2 a6 18. h5 Nf8 19. Ne5 Bxe5 20. fxe5 b5 21. a3 Qb6 22. Ne2 a5 23. hxg6 fxg6 24. Bxf5 exf5 25. Nf4 Qd8 26. Qh2 Rc7 27. Qh6 Rg7 28. 0-0-0 Qb6 29. Nh5 gxh5 30. Qxb6 1-0

[Event "Zuerich op-B 26th"]
[Site "Zuerich"]
[Date "2002.??.??"]
[Round "7"]
[White "Tikvic, Nikola"]
[Black "Joller, Hans"]
[Result "1-0"]
[WhiteElo "1947"]
[BlackElo "2010"]
[PlyCount "131"]
[EventDate "2002.12.26"]
[EventType "swiss"]
[EventRounds "7"]
[EventCountry "SUI"]
[SourceTitle "EXT 2019"]
[Source "ChessBase"]
[SourceDate "2018.10.10"]
[SourceVersion "1"]
[SourceVersionDate "2018.10.10"]
[SourceQuality "1"]

1. d4 Nf6 2. Nd2 d5 3. c3 Nbd7 4. f4 e6 5. e3 c5 6. Bd3 Bd6 7. g3 Nb6 8. Ngf3 Bd7 9. Ne5 Rc8 10. Nxd7 Qxd7 11. Qe2 a6 12. Nf3 cxd4 13. exd4 h6 14. Ne5 Qe7 15. a4 Bxe5 16. fxe5 Ne4 17. Bxe4 dxe4 18. Qxe4 0-0 19. 0-0 Qd7 20. Qg4 Kh7 21. a5 Nd5 22. Qe4+ Kg8 23. Qd3 Rfd8 24. Qe2 Ne7 25. Be3 Nf5 26. Bf2 Qd5 27. g4 Ne7 28. Bh4 g5 29. Bg3 Ng6 30. Rf6 Rd7 31. Qf2 Qe4 32. h3 Kg7 33. Re1 Qd3 34. Rf1 Rcc7 35. Rf3 Qb5 36. b4 Qd5 37. Re3 Kg8 38. Kh2 Qb3 39. Qe1 Rc6 40. h4 gxh4 41. Bf4 Kh7 42. Rh3 Re7 43. Bd2 Rd7 44. Qe3 Qc2 45. Rf2 Kg7 46. Rhf3 Kf8 47. Qxh6+ Ke8 48. Bg5 Qe4 49. Qh5 Rxd4 50. cxd4 Rc2 51. Rxf7 Rxf2+ 52. Rxf2 Kd7 53. Bxh4 Kc6 54. Bg3 Kb5 55. Qh7 Qxg4 56. Qd7+ Kc4 57. Qc7+ Kxd4 58. Qc5+ Kd3 59. Qc2+ Ke3 60. Qd2+ Ke4 61. Qe2+ Qxe2 62. Rxe2+ Kd3 63. Re1 Kc4 64. Re4+ Kd5 65. Rg4 Nf8 66. Rg7 1-0